| 000 | 00985nam a22002537a 4500 | ||
|---|---|---|---|
| 999 |
_c63926 _d63926 |
||
| 005 | 20240530110706.0 | ||
| 008 | 171225s2015 ua a g b 000 0dara d | ||
| 017 |
_a2014/19423 _bمصر. دار الكتب |
||
| 020 | _a9789774951961 | ||
| 040 |
_aEG-CaGPL _cEG-CaGPL |
||
| 082 | 0 | 4 |
_221 _a930.10283\ _bن ع |
| 100 | 0 | _aناجح عمر على | |
| 245 | 1 | 0 |
_aعلم التنقيب عن الاثار / _cتأليف ناجح عمر على ؛ تقديم عبدالحليم نور الدين . |
| 250 | _aط.1 | ||
| 260 |
_aالقاهرة : _bدار العالم العربى ، _c2015 . |
||
| 300 |
_a400 ص. : _bصور ؛ _c24 سم. |
||
| 504 | _aببليوجرافية : ص 327 - 356 | ||
| 650 | 0 | 7 |
_2qrmak _aالاثار ، علم |
| 650 | 0 | 7 |
_2qrmak _aالحفريات الاثرية |
| 650 | 0 | 7 |
_2qrmak _aالاثار _xالتنقيب عن |
| 651 |
_2qrmak _aالعالم القديم _xتاريخ |
||
| 942 |
_2ddc _cBK |
||